000 00685nam a22002177a 4500
003 LK-CoMWRAF
005 20240203124904.0
008 230930b2009 |||||||| |||| 00| 0 eng d
020 _a9789559669456
040 _aLK-CoMWRAF
_dLK-CoMWRAF
_eLK-CoMWRAF
041 _aeng
082 _a370.954
_b AZE
100 _aAzeez, A.M.A.
245 _aMuslim education in Sri Lanka: 
_bselected articles & speeches of A.M.A. Azeez (1941-1959)
260 _aColombo:
_bDr. A.M.A. Azeez Foundation,
_c2009
300 _axxi, 216 p  ill. ; 22 cm.
650 _aMUSLIMS--Education--Sri Lanka.
700 _aJameel, S.H.M.
_ecomp.
_eed.
700 _aAzeez, M.Ali
_ecomp.
_eed.
942 _cBK
999 _c3762
_d3762